MARC details
| 000 -LEADER |
| fixed length control field |
01682cam a2200373 i 4500 |
| 001 - CONTROL NUMBER |
| control field |
17951098 |
| 003 - CONTROL NUMBER IDENTIFIER |
| control field |
EG-ScBUE |
| 005 - DATE AND TIME OF LATEST TRANSACTION |
| control field |
20240605105501.0 |
| 008 - FIXED-LENGTH DATA ELEMENTS--GENERAL INFORMATION |
| fixed length control field |
121122s2013 enka f b 001 0 eng d |
| 020 ## - INTERNATIONAL STANDARD BOOK NUMBER |
| International Standard Book Number |
9780199603930 |
| 040 ## - CATALOGING SOURCE |
| Original cataloging agency |
BTCTA |
| Language of cataloging |
eng |
| Description conventions |
rda |
| Transcribing agency |
BTCTA |
| Modifying agency |
BDX |
| -- |
UKMGB |
| -- |
GK8 |
| -- |
YDXCP |
| -- |
CDX |
| -- |
CUD |
| -- |
OCLCO |
| -- |
CUI |
| -- |
OKU |
| -- |
TXX |
| -- |
NGU |
| -- |
DLC |
| -- |
EG-ScBUE |
| 043 ## - GEOGRAPHIC AREA CODE |
| Geographic area code |
a-is--- |
| -- |
ma----- |
| 082 04 - DEWEY DECIMAL CLASSIFICATION NUMBER |
| Edition number |
22 |
| Classification number |
956.94 |
| Item number |
BUN |
| 100 1# - MAIN ENTRY--PERSONAL NAME |
| Personal name |
Bunton, Martin P., |
| Relator term |
author. |
| 9 (RLIN) |
29169 |
| 245 14 - TITLE STATEMENT |
| Title |
The Palestinian-Israeli conflict : |
| Remainder of title |
a very short introduction / |
| Statement of responsibility, etc |
Martin Bunton. |
| 250 ## - EDITION STATEMENT |
| Edition statement |
First edition. |
| 264 #1 - PUBLICATION, DISTRIBUTION, ETC. (IMPRINT) |
| Place of publication, distribution, etc |
Oxford : |
| Name of publisher, distributor, etc |
Oxford University Press, |
| Date of publication, distribution, etc |
2013. |
| 300 ## - PHYSICAL DESCRIPTION |
| Extent |
xvi, 132 pages : |
| Other physical details |
illustrations ; |
| Dimensions |
18 cm. |
| 336 ## - CONTENT TYPE |
| Source |
rdacontent |
| Content type term |
text |
| Content type code |
txt |
| 337 ## - MEDIA TYPE |
| Media type term |
unmediated |
| Source |
rdamedia |
| Media type code |
n |
| 338 ## - CARRIER TYPE |
| Carrier type term |
volume |
| Carrier type code |
nc |
| Source |
rdacarrier |
| 490 0# - SERIES STATEMENT |
| Series statement |
Very short introductions ; |
| Volume number/sequential designation |
359 |
| 504 ## - BIBLIOGRAPHY, ETC. NOTE |
| Bibliography, etc |
Includes bibliographical references and index. |
| 505 00 - FORMATTED CONTENTS NOTE |
| Title |
Ottoman Palestine, 1897-1917 -- |
| -- |
British Palestine, 1917-37 -- |
| -- |
Palestine partitioned, 1937-47 -- |
| -- |
Atzmaut and Nakba, 1947-67 -- |
| -- |
Occupation, 1967-87 -- |
| -- |
The rise and fall of the peace process, 1987-2007 -- |
| -- |
Chronology. |
| 650 #7 - SUBJECT ADDED ENTRY--TOPICAL TERM |
| Topical term or geographic name as entry element |
Arab-Israeli conflict. |
| Source of heading or term |
BUEsh |
| 9 (RLIN) |
2523 |
| 650 #7 - SUBJECT ADDED ENTRY--TOPICAL TERM |
| Topical term or geographic name as entry element |
Jewish-Arab relations. |
| Source of heading or term |
BUEsh |
| 651 ## - SUBJECT ADDED ENTRY--GEOGRAPHIC NAME |
| Source of heading or term |
BUEsh |
| 653 ## - INDEX TERM--UNCONTROLLED |
| Resource For college |
BAEPS, Political Science |
| Arrived date list |
February2018 |
| 655 ## - INDEX TERM--GENRE/FORM |
| Form subdivision |
Reading book |
| 856 41 - ELECTRONIC LOCATION AND ACCESS |
| Materials specified |
Table of contents only |
| Uniform Resource Identifier |
<a href="http://www.loc.gov/catdir/enhancements/fy1407/2013415617-t.html">http://www.loc.gov/catdir/enhancements/fy1407/2013415617-t.html</a> |
| 856 42 - ELECTRONIC LOCATION AND ACCESS |
| Materials specified |
Publisher description |
| Uniform Resource Identifier |
<a href="http://www.loc.gov/catdir/enhancements/fy1407/2013415617-d.html">http://www.loc.gov/catdir/enhancements/fy1407/2013415617-d.html</a> |
| 856 42 - ELECTRONIC LOCATION AND ACCESS |
| Materials specified |
Contributor biographical information |
| Uniform Resource Identifier |
<a href="http://www.loc.gov/catdir/enhancements/fy1407/2013415617-b.html">http://www.loc.gov/catdir/enhancements/fy1407/2013415617-b.html</a> |
| 942 ## - ADDED ENTRY ELEMENTS (KOHA) |
| Source of classification or shelving scheme |
Dewey Decimal Classification |
| Koha item type |
Book - Borrowing |